=LDR 00000nam 2200000 4500 =001 INLIS000000000012703 =005 20130612104210 =008 ***********************************Ind** =035 ##$$0010-061300000012703 =041 ##$$a Ind =082 ##$$a 616.132 =090 ##$$a 616.132, Mar b =100 ##$$a Maryer, Honard =245 ##$$a Hipertensis, Pengendalian lawat Vitamin, Gizi dan diet, heanard Manyer ; alih bahasa budiyanto FX =260 ##$$a 1971 $b Jakarta =300 ##$$a v, 106 hlm, 19 cm =650 ##$$a Hipertensi =700 ##$$a FX. Budiharyanto =850 ##$$a NBPNMAT